000
00312nam a22001217a 4500
999
_c
3397
_d
3397
005
20201130155225.0
008
201130b ||||| |||| 00| 0 eng d
020
_a
1842700227
040
_c
CML
245
_a
Night Riders.
_c
Roberts M.
260
_a
London
_b
Andersen
_c
2001
942
_2
ddc
_c
BK
_e
1st Edition
_k
F/ROB
_m
ROB